000 00728nam a2200253 i 4500
001 C2-0073520
003 PPAK
005 20180727075749.0
008 970429s1994 my a|||| ||||| | may d
020 _a9676528803
040 _aPPAK
_beng
_cPPAK
_erda
082 0 4 _a910.076
_223
090 0 0 _a910.076
_bGOH
_dK
090 0 0 _a910.076
_bGOH
_dRK
100 1 _aGoh, Cheng Leong,
_eauthor
245 1 0 _aBuku sumber kajian tempatan tahun 4 KBSR
264 1 _aKuala Lumpur :
_bFajar Bakti ,
_c1994
300 _a80 pages :
_billustrations ;
_c30 cm
336 _2rdacontent
_atext
337 _2rdamedia
_aunmediated
338 _2rdacarrier
_avolume
650 1 0 _aLocal geography - Problems, exercises, etc.
942 _ddc
_cB
999 _c10056
_d10056